Statistics for 5 Countries with the Most Air Pollution by Continent

Click here to take the quiz!

General Stats

  • This quiz has been taken 38 times
  • The average score is 22 of 30

Answer Stats

Continentµg/m³Country% Correct
Oceania4.66Australia
97%
Asia55.80India
97%
Asia31.63China
94%
Oceania2.67New Zealand
91%
North America16.16Mexico
89%
North America27.25Honduras
86%
South America14.96Colombia
83%
Oceania10.80Papua New Guinea
83%
South America23.88Perú
83%
Asia44.17Pakistan
80%
Asia75.76Bangladesh
77%
South America27.92Bolivia
77%
South America15.75Ecuador
77%
North America13.32Nicaragua
77%
Africa34.20D.R Congo
74%
North America25.60El Salvador
74%
North America28.45Guatemala
74%
South America16.33Paraguay
74%
Europe17.99Bulgaria
71%
Europe19.37Serbia
71%
Europe23.78Bosnia and Herzegovina
69%
Asia47.13Nepal
66%
Europe21.58Kosovo
63%
Europe20.34North Macedonia
60%
Oceania3.07Vanuatu
60%
Oceania5.47Solomon Islands
57%
Africa32.95Rwanda
54%
Africa31.76Burundi
51%
Africa31.42Cameroon
49%
Africa28.61Equatorial Guinea
31%

Score Distribution

Percentile by Number Answered

Percent of People with Each Score

Your Score History

You have not taken this quiz